[Event "Russian Team Championships 2014 (women)"]
[Site "Sochi (Loo)"]
[Date "2014.04.09"]
[Round "3.6"]
[White "Pogonina, Natalija"]
[Black "Atalik, Ekaterina"]
[Result "1/2-1/2"]
[LiveChessVersion "1.4.2"]
[BlackElo "2442"]
[WhiteElo "2499"]
[BlackTeam "Ladja"]
[WhiteTeam "Ugra"]

1. e4 {[%clk 1:30:57]} e6 {[%clk 1:30:45]} 2. d4 {[%clk 1:31:22]} d5
{[%clk 1:31:03]} 3. Nd2 {[%clk 1:31:47]} c5 {[%clk 1:31:07]} 4. exd5
{[%clk 1:32:08]} Qxd5 {[%clk 1:31:19]} 5. dxc5 {[%clk 1:32:28]} Nf6
{[%clk 1:31:15]} 6. Ngf3 {[%clk 1:28:10]} Qxc5 {[%clk 1:31:34]} 7. Bd3
{[%clk 1:28:02]} Be7 {[%clk 1:31:23]} 8. O-O {[%clk 1:27:21]} Nbd7
{[%clk 1:31:04]} 9. Qe2 {[%clk 1:26:30]} Qc7 {[%clk 1:31:15]} 10. Ne4
{[%clk 1:24:21]} Nxe4 {[%clk 1:30:39]} 11. Qxe4 {[%clk 1:24:07]} Nc5
{[%clk 1:30:35]} 12. Bb5+ {[%clk 1:21:20]} Bd7 {[%clk 1:28:12]} 13. Bxd7+
{[%clk 1:18:16]} Qxd7 {[%clk 1:24:26]} 14. Qe2 {[%clk 1:09:36]} O-O
{[%clk 1:14:19]} 15. Bf4 {[%clk 0:53:33]} Rfd8 {[%clk 1:07:28]} 16. Rfe1
{[%clk 0:50:26]} Rac8 {[%clk 1:02:20]} 17. b3 {[%clk 0:47:01]} b5
{[%clk 1:00:09]} 18. Rad1 {[%clk 0:35:56]} Qb7 {[%clk 0:56:10]} 19. Rxd8+
{[%clk 0:29:38]} Rxd8 {[%clk 0:56:23]} 20. h3 {[%clk 0:29:36]} a6
{[%clk 0:55:08]} 21. Bd2 {[%clk 0:28:06]} Rc8 {[%clk 0:46:25]} 22. c4
{[%clk 0:21:00]} bxc4 {[%clk 0:43:29]} 23. Qxc4 {[%clk 0:21:18]} Nd7
{[%clk 0:40:45]} 24. Qe4 {[%clk 0:20:11]} Qxe4 {[%clk 0:32:09]} 25. Rxe4
{[%clk 0:20:35]} Bf6 {[%clk 0:29:19]} 26. Rb4 {[%clk 0:14:54]} h6
{[%clk 0:25:12]} 27. Kf1 {[%clk 0:12:32]} Rc2 {[%clk 0:23:21]} 28. Ra4
{[%clk 0:09:50]} Nc5 {[%clk 0:19:54]} 29. Rc4 {[%clk 0:09:32]} Rxc4
{[%clk 0:19:15]} 30. bxc4 {[%clk 0:09:58]} Kf8 {[%clk 0:16:43]} 31. Bb4
{[%clk 0:05:46]} Be7 {[%clk 0:17:04]} 32. Ke2 {[%clk 0:06:08]} Nb7
{[%clk 0:16:12]} 33. Bc3 {[%clk 0:06:03]} f6 {[%clk 0:14:48]} 34. Nd4
{[%clk 0:06:09]} Kf7 {[%clk 0:15:09]} 35. Nc6 {[%clk 0:06:26]} Bd6
{[%clk 0:13:00]} 36. g4 {[%clk 0:06:05]} Ke8 {[%clk 0:12:35]} 37. Nb4
{[%clk 0:05:16]} Bxb4 {[%clk 0:11:49]} 38. Bxb4 {[%clk 0:05:42]} Nd8
{[%clk 0:11:54]} 39. h4 {[%clk 0:01:45]} Nc6 {[%clk 0:11:03]} 40. Bd6
{[%clk 0:31:12]} Kf7 {[%clk 0:37:38]} 41. h5 {[%clk 0:20:14]} f5 {[%clk 0:36:21]}
42. f3 {[%clk 0:16:57]} Kf6 {[%clk 0:34:59]} 43. Kf2 {[%clk 0:13:47]} Na5
{[%clk 0:21:50]} 44. c5 {[%clk 0:11:52]} Nc6 {[%clk 0:21:51]} 45. Kg3
{[%clk 0:09:53]} Nb4 {[%clk 0:17:30]} 46. a4 {[%clk 0:08:55]} Nc6
{[%clk 0:17:12]} 47. Kf4 {[%clk 0:07:48]} g6 {[%clk 0:14:12]} 48. hxg6
{[%clk 0:05:22]} Kxg6 {[%clk 0:13:34]} 49. gxf5+ {[%clk 0:04:52]} exf5
{[%clk 0:13:59]} 50. Kg3 {[%clk 0:04:56]} h5 {[%clk 0:13:10]} 51. Kh4
{[%clk 0:04:35]} Nd4 {[%clk 0:12:44]} 52. f4 {[%clk 0:04:19]} Nc6
{[%clk 0:11:54]} 53. Bc7 {[%clk 0:04:06]} Nd4 {[%clk 0:11:24]} 54. Bd6
{[%clk 0:04:16]} Nc6 {[%clk 0:11:44]} 55. Bc7 {[%clk 0:04:24]} 1/2-1/2

[Event "Russian Team Championships 2014 (women)"]
[Site "Sochi (Loo)"]
[Date "2014.04.09"]
[Round "3.7"]
[White "Zaiatz, Elena"]
[Black "Kovanova, Baira"]
[Result "1/2-1/2"]
[LiveChessVersion "1.4.2"]
[BlackElo "2404"]
[WhiteElo "2414"]
[BlackTeam "Ugra"]
[WhiteTeam "Ladja"]

1. d4 {[%clk 1:30:54]} Nf6 {[%clk 1:30:55]} 2. c4 {[%clk 1:31:18]} e6
{[%clk 1:31:20]} 3. Nc3 {[%clk 1:31:44]} Bb4 {[%clk 1:31:46]} 4. Nf3
{[%clk 1:32:09]} b6 {[%clk 1:31:59]} 5. e3 {[%clk 1:32:23]} Bxc3+
{[%clk 1:26:06]} 6. bxc3 {[%clk 1:32:37]} Bb7 {[%clk 1:26:31]} 7. Bd3
{[%clk 1:32:49]} O-O {[%clk 1:26:46]} 8. O-O {[%clk 1:32:19]} d6 {[%clk 1:27:09]}
9. Nd2 {[%clk 1:27:08]} e5 {[%clk 1:26:29]} 10. e4 {[%clk 1:23:51]} Nc6
{[%clk 1:26:47]} 11. Bb2 {[%clk 1:06:39]} Na5 {[%clk 1:23:18]} 12. f4
{[%clk 1:04:54]} exf4 {[%clk 1:17:21]} 13. Rxf4 {[%clk 1:04:18]} Nc6
{[%clk 1:10:50]} 14. Qe2 {[%clk 0:46:18]} h6 {[%clk 1:01:58]} 15. Raf1
{[%clk 0:45:45]} Nh7 {[%clk 0:57:58]} 16. Qh5 {[%clk 0:28:24]} Qg5
{[%clk 0:53:20]} 17. Qf3 {[%clk 0:28:39]} Ne7 {[%clk 0:41:50]} 18. Qf2
{[%clk 0:25:57]} Ng6 {[%clk 0:33:21]} 19. Rf5 {[%clk 0:25:56]} Qe7
{[%clk 0:32:33]} 20. c5 {[%clk 0:20:38]} bxc5 {[%clk 0:30:56]} 21. e5
{[%clk 0:19:16]} dxe5 {[%clk 0:27:47]} 22. Ba3 {[%clk 0:19:09]} Nf4
{[%clk 0:15:53]} 23. Bxc5 {[%clk 0:19:12]} Qd7 {[%clk 0:14:43]} 24. Rxf4
{[%clk 0:12:50]} exf4 {[%clk 0:15:04]} 25. Bxf8 {[%clk 0:13:15]} Rxf8
{[%clk 0:14:37]} 26. Qxf4 {[%clk 0:13:00]} Nf6 {[%clk 0:11:32]} 27. Nf3
{[%clk 0:11:35]} c5 {[%clk 0:05:15]} 28. Ne5 {[%clk 0:11:04]} Qd6
{[%clk 0:05:10]} 29. Rb1 {[%clk 0:07:19]} Qd5 {[%clk 0:04:37]} 30. Rb2
{[%clk 0:06:59]} cxd4 {[%clk 0:04:10]} 31. cxd4 {[%clk 0:05:16]} Ba8
{[%clk 0:04:11]} 32. Bc4 {[%clk 0:05:25]} Qd6 {[%clk 0:04:20]} 33. Rf2
{[%clk 0:02:00]} Bd5 {[%clk 0:04:03]} 34. Bd3 {[%clk 0:01:59]} Qb4
{[%clk 0:03:31]} 35. h3 {[%clk 0:01:52]} Rd8 {[%clk 0:02:45]} 36. Kh2
{[%clk 0:02:07]} Qb7 {[%clk 0:02:19]} 37. Qh4 {[%clk 0:02:03]} Qb6
{[%clk 0:02:15]} 38. Rc2 {[%clk 0:01:07]} Be6 {[%clk 0:01:42]} 39. Nf3
{[%clk 0:01:26]} Bd5 {[%clk 0:01:50]} 40. Ne5 {[%clk 0:31:47]} Be6
{[%clk 0:31:31]} 41. Nf3 {[%clk 0:32:09]} Bd5 {[%clk 0:27:51]} 1/2-1/2

[Event "Russian Team Championships 2014 (women)"]
[Site "Sochi (Loo)"]
[Date "2014.04.09"]
[Round "3.8"]
[White "Guseva, Marina"]
[Black "Ambartsumova, Karina"]
[Result "1-0"]
[LiveChessVersion "1.4.2"]
[BlackElo "2342"]
[WhiteElo "2371"]
[BlackTeam "Ladja"]
[WhiteTeam "Ugra"]

1. d4 {[%clk 1:30:56]} Nf6 {[%clk 1:30:42]} 2. c4 {[%clk 1:31:22]} e6
{[%clk 1:31:02]} 3. Nc3 {[%clk 1:31:47]} Bb4 {[%clk 1:31:13]} 4. Qc2
{[%clk 1:32:13]} O-O {[%clk 1:31:17]} 5. a3 {[%clk 1:32:39]} Bxc3+
{[%clk 1:31:37]} 6. Qxc3 {[%clk 1:33:05]} d6 {[%clk 1:31:32]} 7. Bg5
{[%clk 1:33:29]} Nbd7 {[%clk 1:31:40]} 8. e3 {[%clk 1:33:51]} b6 {[%clk 1:31:50]}
9. Nf3 {[%clk 1:34:16]} Bb7 {[%clk 1:31:53]} 10. Nd2 {[%clk 1:34:40]} Rc8
{[%clk 1:31:12]} 11. Bd3 {[%clk 1:34:39]} c5 {[%clk 1:28:35]} 12. O-O
{[%clk 1:33:54]} Qc7 {[%clk 1:16:01]} 13. Rfe1 {[%clk 1:20:37]} d5
{[%clk 1:08:27]} 14. b3 {[%clk 1:12:57]} Rfe8 {[%clk 0:51:53]} 15. Qb2
{[%clk 1:04:21]} dxc4 {[%clk 0:46:08]} 16. bxc4 {[%clk 0:54:18]} Qd6
{[%clk 0:32:39]} 17. Rad1 {[%clk 0:38:53]} Bc6 {[%clk 0:21:35]} 18. Bh4
{[%clk 0:33:29]} Qc7 {[%clk 0:17:03]} 19. f3 {[%clk 0:29:27]} Ba4
{[%clk 0:12:52]} 20. Rc1 {[%clk 0:29:17]} Qd6 {[%clk 0:12:57]} 21. Bg3
{[%clk 0:25:39]} Qe7 {[%clk 0:13:21]} 22. Nb1 {[%clk 0:23:41]} Nh5
{[%clk 0:11:26]} 23. Bf2 {[%clk 0:23:39]} Bc6 {[%clk 0:09:16]} 24. Nc3
{[%clk 0:19:33]} Nhf6 {[%clk 0:09:15]} 25. a4 {[%clk 0:18:22]} Red8
{[%clk 0:08:49]} 26. Nb5 {[%clk 0:16:38]} Nf8 {[%clk 0:08:38]} 27. Bf1
{[%clk 0:14:44]} cxd4 {[%clk 0:02:33]} 28. exd4 {[%clk 0:15:02]} Qd7
{[%clk 0:02:01]} 29. Red1 {[%clk 0:07:36]} Ng6 {[%clk 0:02:02]} 30. Be3
{[%clk 0:06:26]} h6 {[%clk 0:01:36]} 31. Bd3 {[%clk 0:04:11]} Ne7
{[%clk 0:00:55]} 32. Bf2 {[%clk 0:04:08]} Kh8 {[%clk 0:00:53]} 33. Qa3
{[%clk 0:03:22]} Nf5 {[%clk 0:00:39]} 34. Bxf5 {[%clk 0:03:02]} exf5
{[%clk 0:01:04]} 35. d5 {[%clk 0:01:37]} Ne8 {[%clk 0:00:35]} 36. Bh4
{[%clk 0:01:04]} g5 {[%clk 0:00:39]} 37. Qa1+ {[%clk 0:01:09]} Kh7
{[%clk 0:00:39]} 38. dxc6 {[%clk 0:01:33]} Qxc6 {[%clk 0:00:54]} 39. Nxa7
{[%clk 0:01:49]} Qc5+ {[%clk 0:00:32]} 40. Bf2 {[%clk 0:32:15]} 1-0

[Event "Russian Team Championships 2014 (women)"]
[Site "Sochi (Loo)"]
[Date "2014.04.11"]
[Round "4.1"]
[White "Cmilyte, Viktorija"]
[Black "Bodnaruk, Anastasia"]
[Result "1-0"]
[LiveChessVersion "1.4.2"]
[BlackElo "2453"]
[WhiteElo "2511"]
[BlackTeam "Club Chigorin"]
[WhiteTeam "Ugra"]

1. d4 {[%clk 1:30:55]} Nf6 {[%clk 1:30:53]} 2. c4 {[%clk 1:31:17]} e6
{[%clk 1:31:19]} 3. Nf3 {[%clk 1:31:41]} b6 {[%clk 1:31:07]} 4. g3
{[%clk 1:32:02]} Bb7 {[%clk 1:30:36]} 5. Bg2 {[%clk 1:32:24]} Bb4+
{[%clk 1:30:59]} 6. Bd2 {[%clk 1:32:38]} a5 {[%clk 1:31:07]} 7. O-O
{[%clk 1:32:53]} O-O {[%clk 1:31:30]} 8. Bf4 {[%clk 1:33:11]} Be7
{[%clk 1:30:49]} 9. Qc2 {[%clk 1:33:20]} Na6 {[%clk 1:21:47]} 10. Nc3
{[%clk 1:32:53]} d5 {[%clk 1:20:46]} 11. Ne5 {[%clk 1:30:05]} Bd6
{[%clk 0:59:50]} 12. Rad1 {[%clk 1:21:23]} Qc8 {[%clk 0:51:39]} 13. a3
{[%clk 1:14:30]} dxc4 {[%clk 0:47:07]} 14. Nc6 {[%clk 1:14:30]} Kh8
{[%clk 0:43:53]} 15. Bg5 {[%clk 1:02:40]} Qe8 {[%clk 0:34:02]} 16. Bxf6
{[%clk 0:57:22]} Bxc6 {[%clk 0:32:38]} 17. Bxc6 {[%clk 0:54:32]} Qxc6
{[%clk 0:32:57]} 18. d5 {[%clk 0:53:28]} Qe8 {[%clk 0:23:11]} 19. Ne4
{[%clk 0:47:06]} h6 {[%clk 0:23:14]} 20. Nxd6 {[%clk 0:27:13]} cxd6
{[%clk 0:23:41]} 21. Rd4 {[%clk 0:26:56]} Rg8 {[%clk 0:14:41]} 22. Qd2
{[%clk 0:25:47]} Kh7 {[%clk 0:15:09]} 23. Rh4 {[%clk 0:25:27]} Qf8
{[%clk 0:13:08]} 24. Qc2+ {[%clk 0:24:48]} g6 {[%clk 0:13:35]} 25. Bg5
{[%clk 0:23:39]} Qe8 {[%clk 0:10:19]} 26. Bxh6 {[%clk 0:21:30]} Rh8
{[%clk 0:10:44]} 27. Qc3 {[%clk 0:17:33]} e5 {[%clk 0:11:10]} 28. Bf8+
{[%clk 0:17:12]} Kg8 {[%clk 0:11:36]} 29. Rxh8+ {[%clk 0:17:38]} Kxh8
{[%clk 0:12:05]} 30. Bxd6 {[%clk 0:18:02]} Rd8 {[%clk 0:10:12]} 31. Bxe5+
{[%clk 0:17:45]} Kg8 {[%clk 0:10:34]} 32. Bh8 {[%clk 0:16:59]} Qf8
{[%clk 0:10:54]} 33. Bf6 {[%clk 0:16:42]} Rxd5 {[%clk 0:10:56]} 34. Qxc4
{[%clk 0:16:57]} Rf5 {[%clk 0:11:06]} 35. Bc3 {[%clk 0:15:23]} b5
{[%clk 0:08:43]} 36. Qd4 {[%clk 0:15:32]} Kh7 {[%clk 0:08:58]} 37. Bxa5
{[%clk 0:14:55]} 1-0

[Event "Russian Team Championships 2014 (women)"]
[Site "Sochi (Loo)"]
[Date "2014.04.11"]
[Round "4.2"]
[White "Mammadova, Gulnar"]
[Black "Pogonina, Natalija"]
[Result "1/2-1/2"]
[LiveChessVersion "1.4.2"]
[BlackElo "2499"]
[WhiteElo "2323"]
[BlackTeam "Ugra"]
[WhiteTeam "Club Chigorin"]

1. e4 {[%clk 1:30:57]} e5 {[%clk 1:30:54]} 2. Nf3 {[%clk 1:31:21]} Nc6
{[%clk 1:31:19]} 3. d4 {[%clk 1:31:42]} exd4 {[%clk 1:31:45]} 4. Nxd4
{[%clk 1:32:09]} Bc5 {[%clk 1:32:09]} 5. Be3 {[%clk 1:32:32]} Qf6
{[%clk 1:32:04]} 6. c3 {[%clk 1:32:51]} Nge7 {[%clk 1:32:16]} 7. Bc4
{[%clk 1:33:11]} b6 {[%clk 1:31:57]} 8. Qd2 {[%clk 1:32:33]} Qg6 {[%clk 1:20:11]}
9. f3 {[%clk 1:32:54]} O-O {[%clk 1:19:25]} 10. b4 {[%clk 1:16:37]} d5
{[%clk 1:03:46]} 11. Nxc6 {[%clk 1:01:13]} Qxc6 {[%clk 0:48:23]} 12. Bxc5
{[%clk 1:00:04]} bxc5 {[%clk 0:48:35]} 13. Bxd5 {[%clk 0:58:56]} Nxd5
{[%clk 0:48:32]} 14. Qxd5 {[%clk 0:56:17]} Qxd5 {[%clk 0:46:59]} 15. exd5
{[%clk 0:56:42]} Rd8 {[%clk 0:38:16]} 16. c4 {[%clk 0:56:28]} cxb4
{[%clk 0:38:19]} 17. Nd2 {[%clk 0:52:43]} Bf5 {[%clk 0:35:33]} 18. a3
{[%clk 0:49:27]} Re8+ {[%clk 0:29:32]} 19. Kd1 {[%clk 0:42:55]} a5
{[%clk 0:29:26]} 20. Re1 {[%clk 0:41:42]} Rxe1+ {[%clk 0:19:44]} 21. Kxe1
{[%clk 0:42:07]} Rb8 {[%clk 0:20:09]} 22. axb4 {[%clk 0:39:07]} axb4
{[%clk 0:20:34]} 23. Nb3 {[%clk 0:33:46]} Bd3 {[%clk 0:15:38]} 24. Rc1
{[%clk 0:33:47]} Ra8 {[%clk 0:13:58]} 25. Kd2 {[%clk 0:34:04]} Bg6
{[%clk 0:14:09]} 26. Ra1 {[%clk 0:25:23]} Rxa1 {[%clk 0:11:46]} 27. Nxa1
{[%clk 0:25:49]} Kf8 {[%clk 0:12:00]} 28. Nb3 {[%clk 0:23:38]} Ke7
{[%clk 0:09:19]} 29. Ke3 {[%clk 0:20:59]} Bc2 {[%clk 0:06:34]} 30. Nc5
{[%clk 0:20:23]} Bb1 {[%clk 0:02:29]} 31. Kd4 {[%clk 0:18:31]} Bc2
{[%clk 0:01:54]} 32. Na6 {[%clk 0:14:51]} b3 {[%clk 0:01:46]} 33. Kc3
{[%clk 0:15:19]} Kd6 {[%clk 0:02:11]} 34. Nb4 {[%clk 0:15:08]} Kc5
{[%clk 0:01:52]} 35. Na6+ {[%clk 0:15:29]} Kd6 {[%clk 0:02:03]} 36. Nb4
{[%clk 0:15:33]} Kc5 {[%clk 0:02:29]} 37. Na6+ {[%clk 0:15:50]} Kd6
{[%clk 0:02:50]} 38. Nb4 {[%clk 0:15:33]} Ke5 1/2-1/2

[Event "Russian Team Championships 2014 (women)"]
[Site "Sochi (Loo)"]
[Date "2014.04.11"]
[Round "4.3"]
[White "Kovanova, Baira"]
[Black "Schepetkova, Margarita"]
[Result "1-0"]
[LiveChessVersion "1.4.2"]
[BlackElo "2301"]
[WhiteElo "2404"]
[BlackTeam "Club Chigorin"]
[WhiteTeam "Ugra"]

1. e4 {[%clk 1:30:58]} c6 {[%clk 1:30:56]} 2. d4 {[%clk 1:31:24]} d5
{[%clk 1:31:22]} 3. Nc3 {[%clk 1:31:51]} dxe4 {[%clk 1:31:47]} 4. Nxe4
{[%clk 1:32:18]} Bf5 {[%clk 1:32:12]} 5. Ng3 {[%clk 1:32:44]} Bg6
{[%clk 1:32:39]} 6. h4 {[%clk 1:33:09]} h6 {[%clk 1:33:06]} 7. Nf3
{[%clk 1:33:36]} Nd7 {[%clk 1:32:08]} 8. h5 {[%clk 1:32:46]} Bh7 {[%clk 1:32:34]}
9. Bd3 {[%clk 1:33:07]} Bxd3 {[%clk 1:32:59]} 10. Qxd3 {[%clk 1:33:32]} e6
{[%clk 1:33:08]} 11. Bd2 {[%clk 1:33:53]} Qc7 {[%clk 1:31:31]} 12. O-O-O
{[%clk 1:34:14]} Ngf6 {[%clk 1:31:51]} 13. Ne4 {[%clk 1:33:58]} O-O-O
{[%clk 1:27:07]} 14. g3 {[%clk 1:33:18]} Nxe4 {[%clk 1:27:03]} 15. Qxe4
{[%clk 1:33:46]} Bd6 {[%clk 1:27:25]} 16. c4 {[%clk 1:34:03]} c5 {[%clk 1:23:35]}
17. Bc3 {[%clk 1:33:07]} Nf6 {[%clk 1:06:34]} 18. Qe2 {[%clk 1:29:38]} cxd4
{[%clk 0:49:00]} 19. Nxd4 {[%clk 1:22:19]} a6 {[%clk 0:46:46]} 20. Nb3
{[%clk 1:20:57]} Be7 {[%clk 0:44:40]} 21. Kb1 {[%clk 1:16:54]} Qc6
{[%clk 0:33:02]} 22. Rc1 {[%clk 1:14:07]} Rhg8 {[%clk 0:24:29]} 23. Rhe1
{[%clk 1:10:07]} Bc5 {[%clk 0:18:20]} 24. f4 {[%clk 1:04:07]} Kb8
{[%clk 0:13:12]} 25. g4 {[%clk 1:00:37]} Ka8 {[%clk 0:13:40]} 26. g5
{[%clk 0:59:02]} Ne8 {[%clk 0:14:05]} 27. Ka1 {[%clk 0:51:04]} Ba7
{[%clk 0:10:23]} 28. c5 {[%clk 0:47:33]} Rd5 {[%clk 0:09:41]} 29. Nd4
{[%clk 0:39:42]} Qc8 {[%clk 0:08:25]} 30. g6 {[%clk 0:37:15]} fxg6
{[%clk 0:08:50]} 31. Nxe6 {[%clk 0:33:35]} gxh5 {[%clk 0:08:39]} 32. Qe4
{[%clk 0:29:52]} Rd7 {[%clk 0:08:32]} 33. Be5 {[%clk 0:24:57]} Qc6
{[%clk 0:08:31]} 34. Qg6 {[%clk 0:21:46]} Bb8 {[%clk 0:05:39]} 35. Bxb8
{[%clk 0:15:38]} Kxb8 {[%clk 0:05:59]} 36. Qxh5 {[%clk 0:15:42]} Nc7
{[%clk 0:04:25]} 37. f5 {[%clk 0:14:07]} Ka7 {[%clk 0:02:25]} 38. Qg4
{[%clk 0:13:42]} Rd5 {[%clk 0:01:32]} 39. f6 {[%clk 0:05:10]} h5 {[%clk 0:01:04]}
40. f7 {[%clk 0:33:39]} Rc8 {[%clk 0:30:40]} 41. Qg6 {[%clk 0:29:02]} Nxe6
{[%clk 0:26:37]} 42. Rxe6 {[%clk 0:29:14]} Qd7 {[%clk 0:26:59]} 43. Re8
{[%clk 0:27:55]} Rf5 {[%clk 0:25:05]} 44. a3 {[%clk 0:17:54]} Rf6
{[%clk 0:12:09]} 45. Rxc8 {[%clk 0:14:15]} Qxc8 {[%clk 0:12:19]} 46. Qxg7
{[%clk 0:14:44]} Qd8 {[%clk 0:11:58]} 47. c6 {[%clk 0:14:41]} Qd2
{[%clk 0:11:08]} 48. Qg1+ {[%clk 0:14:05]} b6 {[%clk 0:11:06]} 49. c7
{[%clk 0:14:20]} Rf2 {[%clk 0:11:04]} 50. Qxf2 {[%clk 0:14:15]} Qxc1+
{[%clk 0:11:31]} 51. Ka2 {[%clk 0:14:42]} Qc4+ {[%clk 0:11:34]} 52. b3
{[%clk 0:15:08]} 1-0

[Event "Russian Team Championships 2014 (women)"]
[Site "Sochi (Loo)"]
[Date "2014.04.11"]
[Round "4.4"]
[White "Belenkaya, Dina"]
[Black "Shadrina, Tatiana"]
[Result "0-1"]
[LiveChessVersion "1.4.2"]
[BlackElo "2355"]
[WhiteElo "2254"]
[BlackTeam "Ugra"]
[WhiteTeam "Club Chigorin"]

1. e4 {[%clk 1:30:55]} c5 {[%clk 1:30:48]} 2. Nf3 {[%clk 1:31:04]} d6
{[%clk 1:31:14]} 3. Bb5+ {[%clk 1:31:01]} Nd7 {[%clk 1:31:30]} 4. O-O
{[%clk 1:29:24]} Ngf6 {[%clk 1:31:32]} 5. Re1 {[%clk 1:26:11]} a6
{[%clk 1:31:41]} 6. Bf1 {[%clk 1:25:17]} b6 {[%clk 1:31:45]} 7. d4
{[%clk 1:13:53]} cxd4 {[%clk 1:32:06]} 8. Nxd4 {[%clk 1:13:08]} Bb7
{[%clk 1:32:00]} 9. f3 e6 10. c4 {[%clk 1:12:28]} Be7 {[%clk 1:32:17]} 11. Nc3
{[%clk 1:12:19]} O-O {[%clk 1:32:15]} 12. Be3 {[%clk 1:07:28]} Rc8
{[%clk 1:31:51]} 13. Rc1 {[%clk 1:07:17]} Qc7 {[%clk 1:31:38]} 14. Qd2
{[%clk 1:06:04]} Qb8 {[%clk 1:31:47]} 15. Qf2 {[%clk 1:04:22]} Bd8
{[%clk 1:27:40]} 16. Red1 {[%clk 0:58:26]} Re8 {[%clk 1:22:48]} 17. Nb3
{[%clk 0:52:43]} Bc7 {[%clk 0:56:35]} 18. g3 {[%clk 0:39:58]} h6 {[%clk 0:48:18]}
19. Be2 {[%clk 0:37:10]} Kh8 {[%clk 0:43:04]} 20. Bd4 {[%clk 0:34:48]} Re7
{[%clk 0:32:33]} 21. Bf1 {[%clk 0:32:21]} Ree8 {[%clk 0:24:47]} 22. Rc2
{[%clk 0:28:49]} Bc6 {[%clk 0:22:40]} 23. Be3 {[%clk 0:26:10]} Rg8
{[%clk 0:19:14]} 24. Nd4 {[%clk 0:23:26]} Bb7 {[%clk 0:17:30]} 25. Bg2
{[%clk 0:21:34]} Qa8 {[%clk 0:15:01]} 26. b3 {[%clk 0:10:55]} g5 {[%clk 0:14:59]}
27. Nde2 {[%clk 0:09:54]} Rg6 {[%clk 0:14:11]} 28. Na4 {[%clk 0:07:28]} b5
{[%clk 0:12:13]} 29. cxb5 {[%clk 0:07:40]} axb5 {[%clk 0:12:39]} 30. Nb6
{[%clk 0:07:47]} Bxb6 {[%clk 0:09:02]} 31. Rxc8+ {[%clk 0:08:13]} Bxc8
{[%clk 0:09:13]} 32. Bxb6 {[%clk 0:08:41]} Qxa2 {[%clk 0:08:52]} 33. Rxd6
{[%clk 0:07:48]} Qb1+ {[%clk 0:08:24]} 34. Bf1 {[%clk 0:07:40]} Qxb3
{[%clk 0:07:09]} 35. Be3 {[%clk 0:03:17]} e5 {[%clk 0:06:23]} 36. Rc6
{[%clk 0:03:14]} Rg8 {[%clk 0:05:29]} 37. Nc1 {[%clk 0:03:19]} Qa4
{[%clk 0:02:50]} 38. Qb2 {[%clk 0:03:00]} b4 {[%clk 0:02:11]} 39. Rc4
{[%clk 0:02:48]} Ba6 {[%clk 0:01:28]} 40. Rxb4 {[%clk 0:31:07]} Qd1
{[%clk 0:31:53]} 41. Ne2 {[%clk 0:22:53]} g4 {[%clk 0:22:06]} 42. f4
{[%clk 0:12:25]} Rc8 {[%clk 0:18:56]} 43. fxe5 {[%clk 0:06:11]} Rc2
{[%clk 0:18:49]} 44. Qd4 {[%clk 0:05:40]} Bxe2 {[%clk 0:13:41]} 45. Qxd1
{[%clk 0:06:05]} Bxd1 {[%clk 0:14:07]} 46. Bd4 {[%clk 0:02:56]} Be2
{[%clk 0:02:35]} 47. Bxe2 {[%clk 0:02:35]} Rxe2 {[%clk 0:03:00]} 48. exf6
{[%clk 0:02:35]} Rxe4 {[%clk 0:03:19]} 49. Bc3 {[%clk 0:00:51]} Rxb4
{[%clk 0:03:17]} 50. Bxb4 {[%clk 0:01:20]} Nxf6 {[%clk 0:03:36]} 51. Bc3
{[%clk 0:01:36]} Kg7 {[%clk 0:04:01]} 52. Kg2 {[%clk 0:01:57]} Kg6
{[%clk 0:04:07]} 53. h3 {[%clk 0:02:17]} h5 {[%clk 0:04:20]} 54. hxg4
{[%clk 0:02:23]} hxg4 {[%clk 0:04:44]} 55. Be5 {[%clk 0:02:18]} Kf5
{[%clk 0:05:02]} 56. Bb8 {[%clk 0:02:18]} Ke4 {[%clk 0:05:25]} 57. Kf2
{[%clk 0:02:31]} Kd3 {[%clk 0:05:51]} 58. Bc7 {[%clk 0:02:14]} Ne4+
{[%clk 0:06:12]} 59. Kg2 {[%clk 0:02:00]} Ke2 {[%clk 0:06:35]} 60. Bf4
{[%clk 0:01:40]} Nc3 {[%clk 0:06:45]} 61. Bb8 {[%clk 0:01:26]} Nd5
{[%clk 0:07:04]} 62. Bd6 {[%clk 0:01:12]} Ne3+ {[%clk 0:07:27]} 63. Kg1
{[%clk 0:01:14]} Kf3 {[%clk 0:07:38]} 64. Bb8 {[%clk 0:01:41]} Nf5
{[%clk 0:07:16]} 65. Kh2 {[%clk 0:02:09]} Nd4 {[%clk 0:07:41]} 66. Kg1
{[%clk 0:02:20]} Ne2+ {[%clk 0:08:06]} 67. Kh2 {[%clk 0:02:45]} Kf2
{[%clk 0:03:43]} 68. Ba7+ {[%clk 0:02:44]} Kf1 {[%clk 0:04:07]} 69. Bb6
{[%clk 0:02:02]} f5 {[%clk 0:04:14]} 70. Ba7 {[%clk 0:02:11]} Nc3
{[%clk 0:04:04]} 71. Bb6 {[%clk 0:01:49]} Ke2 {[%clk 0:03:05]} 72. Ba7
{[%clk 0:01:25]} Kf3 {[%clk 0:03:14]} 73. Bb8 {[%clk 0:01:49]} Ne2
{[%clk 0:02:44]} 74. Bc7 {[%clk 0:02:05]} Ke3 {[%clk 0:01:55]} 75. Kg2
{[%clk 0:02:04]} Nc3 {[%clk 0:02:14]} 76. Bb8 {[%clk 0:02:16]} Ke2
{[%clk 0:02:40]} 77. Bc7 {[%clk 0:02:06]} Nd5 {[%clk 0:03:01]} 78. Bb8
{[%clk 0:02:30]} Ne3+ {[%clk 0:03:27]} 79. Kg1 {[%clk 0:02:02]} Kf3
{[%clk 0:03:48]} 80. Bc7 {[%clk 0:02:05]} Nd5 {[%clk 0:03:18]} 81. Bb8
{[%clk 0:02:28]} Nc3 {[%clk 0:03:37]} 82. Bc7 {[%clk 0:02:22]} f4
{[%clk 0:03:09]} 83. Bxf4 {[%clk 0:02:13]} Ne2+ {[%clk 0:03:33]} 84. Kh2
{[%clk 0:02:16]} Nxf4 {[%clk 0:03:54]} 85. gxf4 {[%clk 0:02:44]} Kf2
{[%clk 0:04:11]} 86. f5 {[%clk 0:01:46]} g3+ {[%clk 0:04:37]} 87. Kh3
{[%clk 0:02:07]} g2 {[%clk 0:05:01]} 88. f6 {[%clk 0:02:12]} g1=Q
{[%clk 0:05:27]} 0-1